| 000 | 00642nam a22002057a 4500 | ||
|---|---|---|---|
| 999 |
_c193061 _d193061 |
||
| 005 | 20221014142145.0 | ||
| 010 | _aB-745966 | ||
| 020 |
_a9789390700042 _c350.00 |
||
| 035 | _aB-745966 | ||
| 037 | _bIndra Publication House | ||
| 082 | _aN | ||
| 100 | _aChandrabhan 'Rahi' | ||
| 245 |
_aAt The Crossroad/ _cChandrabhan 'Rahi' |
||
| 250 | _a1st | ||
| 260 |
_aBhopal _bIndra Publication House _c202 |
||
| 270 |
_aE-5/21, Arera Colony, Habibganj, Police Station Road, _bBhopal _e462016 |
||
| 300 |
_a208p. _c22cm(pbk) |
||
| 942 |
_2ddc _cEN _mCHA _hN |
||